Statistiken für Alle Pokémon - Attacken vom Typ "Gestein"

Klicken Sie hier um das Quiz zu spielen!

Allgemein

  • Dieses Quiz wurde 6 mal gespielt
    (4 seit der letzten Aktualisierung)
  • Das Durchschnittsergebnis liegt bei 10 aus 25

Antwortstatistiken

Attacke% Korrekt
Felsgrab
100%
Felswurf
100%
Steinhagel
100%
Steinkante
100%
Steinwurf
100%
Felswerfer
75%
Tarnsteine
75%
Walzer
75%
Sandsturm
50%
Steinpolitur
50%
Antik -Kraft
25%
Dyna -Brocken
25%
Felsaxt
25%
Juwelenkraft
25%
Katapult
25%
Kopfstoß
25%
Teerschuss
25%
Turbofelsen
25%
Apokalyptische Steinpresse
0%
Diamantsturm
0%
Fataler Steinregen
0%
Meteorstrahl
0%
Pökelsalz
0%
Rundumschutz
0%
Wuchtklinge
0%

Verteilung der Resultate

Perzentil nach korrekt beantworteten Fragen

Anzahl Personen mit jedem Resultat

Ihre Resultats-Entwicklung

Sie haben dieses Quiz seit der letzten Aktualisierung nicht gespielt